000 00590nam a2200241Ia 4500
005 20251020182540.0
008 200515s9999 xx 000 0 und d
082 _a728.71/U34
100 _aULSAMER PUIGGARI, Federico
245 0 _aComplementos del chalet
250 _a10a ed.
260 _aBarcelona
260 _c1970
300 _a172
500 _a1 ejemplar
650 _aCOMPLEMENTOS DE BUENA VISTA
650 _aCOMPLEMENTOS DE DEPORTE
650 _aCOMPLEMENTOS DE JUEGO
650 _aCOMPLEMENTOS DE RECREO
650 _aLIB
650 _aVIVIENDAS
942 _cLIB
999 _c2368
_d2368